Ciencias Sociales /
محفوظ في:
| مؤلف مشترك: | |
|---|---|
| التنسيق: | كتاب |
| اللغة: | Spanish |
| منشور في: |
Moscú:
Academia de Ciencias de la URSS
|
| الموضوعات: | |
| الوسوم: |
إضافة وسم
لا توجد وسوم, كن أول من يضع وسما على هذه التسجيلة!
|
MARC
| LEADER | 00000nam a22000007a 4500 | ||
|---|---|---|---|
| 003 | cru CIDCACS/IIS | ||
| 005 | 20200611062550.0 | ||
| 007 | ta | ||
| 008 | 200402n -ur|||p|r||||||0| ||spa|d | ||
| 999 | |c 43048 |d 43048 | ||
| 040 | |c cru CIDCACS/IIS | ||
| 090 | |a REV0180 | ||
| 110 | |9 9138 |a Academia de Ciencias de la URSS | ||
| 245 | 1 | |a Ciencias Sociales / |c Academia de Ciencias de la URSS | |
| 260 | |a Moscú: |b Academia de Ciencias de la URSS | ||
| 270 | |a Redacción Arbat 33/12 Moscú 121002 |d Rusia | ||
| 500 | |a EXISTENCIAS : 1971 (3-4) 1972 (1) 1974 (2) 1976 (1, 3-4) 1977 (1-4) 1978 (1-4) 1979 (1-4) 1980-1989 (1-4) 1990 (1-2, 4) 1991 (1-4) Cutrimestral | ||
| 650 | 0 | |9 138 |a PAZ | |
| 650 | 4 | |9 2646 |a RELACIONES INTERNACIONALES | |
| 650 | 0 | |9 382 |a POLITICA INTERNACIONAL | |
| 650 | 0 | |9 67 |a SISTEMAS POLITICOS | |
| 650 | 0 | |9 341 |a MEDIO AMBIENTE | |
| 650 | 4 | |9 3217 |a PROBLEMAS POLITICOS | |
| 650 | 0 | |9 2097 |a SOCIALISMO | |
| 650 | 0 | |a MOVIMIENTOS SOCIALES |9 3 | |
| 650 | 4 | |9 9207 |a DESARME NUCLEAR | |
| 942 | |2 ddc |c PP | ||
